000 00492nam a2200193 a 4500
001 16148
003 CO-ViMGA
008 141112s2004 ck r 000 u spa d
020 _a9684112041
040 _aCO-ViMGA
_bspa
_cCO-ViMGA
082 0 4 _aCu863.6 L391p
100 1 _aLezama Lima, Jose
_923095
245 1 0 _aParadiso
260 _aMexico :
_bEra,
_c2002
300 _a489.p.
590 _aForma de adquisición : Premio - Mincultura
650 1 4 _aNOVELA CUBANA
_92121
942 _2ddc
_cBK
999 _c26072
_d26072